লোডিং...
Synthesis, characterization and catalytic activity of nanocrystalline ceria modified with zirconia
| প্রধান লেখক: | |
|---|---|
| বিন্যাস: | Ph.D Thesis |
| ভাষা: | English |
| LEADER | 00397nam a22001097a 4500 | ||
|---|---|---|---|
| 005 | 20151026133341.0 | ||
| 008 | 141010b xxu||||| |||| 00| 0 eng d | ||
| 100 | |a T000732 | ||
| 245 | |a Synthesis, characterization and catalytic activity of nanocrystalline ceria modified with zirconia | ||
| 942 | |c TH |6 _ | ||
| 999 | |c 68909 |d 68909 | ||
| 952 | |0 0 |1 0 |2 udc |4 0 |6 _ |7 0 |9 81016 |a UL |b UL |d 2014-10-10 |p T000732 |r 2014-10-10 |w 2014-10-10 |y TH | ||